Where the grass is greener : living in an unequal world /

Bibliographic Details
Main Author: Smith, David M. (David Marshall), 1936-
Format: Book
Language:English
Published: Harmondsworth, England ; New York, N.Y. : Penguin Books, 1979.
Series:Pelican books : geography and environmental studies
A Pelican original
Subjects:

MARC

Tag First Indicator Second Indicator Subfields
LEADER 00000cam a2200000 a 4500
001 in00000073629
005 20151008053535.0
008 800626s1979 nyuabf b 00110 eng d
020 |a 0140221832 
035 |a (OCoLC)06463084 
035 |9 AAH7769AM 
040 |a VOD  |c VOD  |d m.c.  |d TXA  |d UtOrBLW 
049 |a TXAM  |c [1387139] 
090 |a HC59  |b .S5576 1979a 
100 1 |a Smith, David M.  |q (David Marshall),  |d 1936- 
245 1 0 |a Where the grass is greener :  |b living in an unequal world /  |c David M. Smith. 
264 1 |a Harmondsworth, England ;  |a New York, N.Y. :  |b Penguin Books,  |c 1979. 
300 |a 386 pages, 8 unnumbered pages of plates :  |b illustrations, maps ;  |c 20 cm. 
336 |a text  |b txt  |2 rdacontent 
337 |a unmediated  |b n  |2 rdamedia 
338 |a volume  |b nc  |2 rdacarrier 
490 0 |a Pelican books : geography and environmental studies 
490 0 |a A Pelican original 
500 |a Includes index. 
504 |a Bibliography: pages 369-380. 
650 0 |a Economic history  |y 20th century. 
650 0 |a Income distribution. 
650 0 |a Equality. 
650 0 |a Economic geography. 
999 |a MARS 
999 f f |s 93d013cb-f36e-3ded-a03a-11bd9af549e5  |i 5663480a-73c8-3fb9-8e59-783599c6222b  |t 0 
952 f f |p ric  |a Texas A&M University  |b Rellis Campus  |c Joint Library Facility  |d Remote Storage  |t 0  |e HC59 .S5576 1979a  |h Library of Congress classification  |i unmediated -- volume  |m A14806120944 
998 f f |a HC59 .S5576 1979a  |t 0  |l Remote Storage